RPG12 to aid Yorkshire and Humberside (Record no. 68793)

MARC details
000 -LEADER
fixed length control field 01055cam a2200217 4500
001 - CONTROL NUMBER
control field WB3742-23
008 - FIXED-LENGTH DATA ELEMENTS--GENERAL INFORMATION
fixed length control field 011106n2001 000 0 eng u
035 ## - SYSTEM CONTROL NUMBER
System control number (Sirsi) u115504
245 ## - TITLE STATEMENT
Title RPG12 to aid Yorkshire and Humberside
260 ## - PUBLICATION, DISTRIBUTION, ETC.
Date of publication, distribution, etc. 2001
490 ## - SERIES STATEMENT
Series statement DTLR News Release
Volume/sequential designation (469) 31 October 2001, (4)
520 ## - SUMMARY, ETC.
Summary, etc. New Regional Planning Guidance (RPG), launched on 31 October 2001, promises to provide much-needed new jobs and homes in the main towns and cities in Yorkshire and Humber. Among the aims of RPG12 are the delivery of: at least 60% of all new homes on previously developed land or from converted buildings; a good supply of land for business and industry well served by a choice of transport; and a reduction in the need to travel by providing homes and jobs nearer to each other.
590 ## - LOCAL NOTE (RLIN)
Local note WB
650 ## - SUBJECT ADDED ENTRY--TOPICAL TERM
Topical term or geographic name entry element YORKSHIRE
650 ## - SUBJECT ADDED ENTRY--TOPICAL TERM
Topical term or geographic name entry element HUMBERSIDE
650 ## - SUBJECT ADDED ENTRY--TOPICAL TERM
Topical term or geographic name entry element REGIONAL PLANNING GUIDANCE
650 ## - SUBJECT ADDED ENTRY--TOPICAL TERM
Topical term or geographic name entry element RPG12
650 ## - SUBJECT ADDED ENTRY--TOPICAL TERM
Topical term or geographic name entry element REGENERATION
690 ## - LOCAL SUBJECT ADDED ENTRY--TOPICAL TERM (OCLC, RLIN)
Topical term or geographic name as entry element ENVIRONMENTAL AND LAND CONSULTANCY-PLANNING AND DEVELOPMENT
942 ## - ADDED ENTRY ELEMENTS (KOHA)
Suppress in OPAC 0
Holdings
Withdrawn status Lost status Source of classification or shelving scheme Damaged status Not for loan Home library Current library Shelving location Date acquired Total Checkouts Full call number Barcode Date last seen Copy number Price effective from Koha item type
    Dewey Decimal Classification     London London News article 06/11/2001   WB3742-23 115504-1001 06/08/2019 1 06/08/2019 News article